| 000 | 01076cam a2200289 a 4500 | ||
|---|---|---|---|
| 001 | 2560962 | ||
| 005 | 20170105102843.0 | ||
| 008 | 951122s1996 enk b 001 0 eng | ||
| 010 | _a 95026511 | ||
| 020 | _a0335196845 (hb) | ||
| 020 | _a0335193293 (pbk.) | ||
| 040 |
_aDLC _cDLC _dDLC |
||
| 050 | 0 | 0 |
_aK5103 _b.H83 1996 |
| 082 | 0 | 0 |
_a303.3/6 _220 |
| 100 | 1 |
_aHudson, Barbara, _d1945- |
|
| 245 | 1 | 0 |
_aUnderstanding justice : _ban introduction to ideas, perspectives, and controversies in modern penal theory / _cBarbara A. Hudson. |
| 260 |
_aBuckingham ; _aPhiladelphia : _bOpen University Press, _c1996. |
||
| 300 |
_aix, 178 p. ; _c24 cm. |
||
| 490 | 1 | _aCrime and justice | |
| 504 | _aIncludes bibliographical references (p. [160]-172) and index. | ||
| 650 | 0 | _aPunishment. | |
| 650 | 0 |
_aCriminal law _xPhilosophy. |
|
| 830 | 0 | _aCrime and justice (Buckingham, England) | |
| 906 |
_a7 _bcbc _corignew _d1 _eocip _f19 _gy-gencatlg |
||
| 942 |
_2ddc _cBK |
||
| 999 |
_c13932 _d13932 |
||